000 00581nam a2200193Ia 4500
005 20250507130205.0
008 008 250505s9999 xx 000 0 eng d
037 _aSeries Article
040 _aEASL
_beng
_cEASL
041 _aeng
_2eng
084 _qEASL
100 _aJones Andrew F
_9668714
245 0 _aDevelopmental fairytales:Eveloutionary Thanking and Modern Chineses Culture
260 _aAustralia
_bCanberra Australian National University Australia
_c2012
300 _a171-174p.
650 _aCulture
942 _cSRA
999 _c1318223
_d1318223